Técnicas de aprovechamiento de especies vegetales presentes en las áreas rurales del Distrito Capital

I tiakina i:
Ngā taipitopito rārangi puna kōrero
Ngā kaituhi matua: Corzo Barragán, Diana Carolina (Author), Torres Cárcamo, María Eugenia (Author)
Hōputu: Pukapuka
Reo:Pāniora
I whakaputaina: Bogotá Jardín Botánico de Bogotá José Celestino Mutis 2013
Putanga:1a. ed
Ngā marau:
Ngā Tūtohu: Tāpirihia he Tūtohu
Kāore He Tūtohu, Me noho koe te mea tuatahi ki te tūtohu i tēnei pūkete!

MARC

LEADER 00000cam a2200000 a 4500
001 UCD0717
003 CL-VaPUC
008 151210e20130000ck |||||||||||||||||spa|d
020 |a 9789588576145 
082 0 4 |a 630  |b COR  |2 21 
100 0 |a Corzo Barragán, Diana Carolina  |e author  |9 583720 
700 0 |a Torres Cárcamo, María Eugenia  |e author  |9 583721 
245 1 0 |a Técnicas de aprovechamiento de especies vegetales presentes en las áreas rurales del Distrito Capital 
250 |a 1a. ed 
300 |a 125 p 
942 |c BK 
945 |d 20151210 22:58:00  |a arojas 
260 |a Bogotá  |b Jardín Botánico de Bogotá José Celestino Mutis  |c 2013 
650 0 |a Especies vegetales   |9 418818 
650 0 |a Áreas verdes  |9 344662 
650 0 |a Productos vegetales   |9 417451 
650 7 |a TECNOLOGIA DE ALIMENTOS  |2 CL-VaPUC  |9 583722 
650 0 |a Procesamiento de alimentos   |9 264607 
583 |a last modification  |c 20151210 22:58:00  |k Rodrigo Vera 
999 |c 362179  |d 362177 
952 |0 0  |1 0  |3 erb  |4 0  |6 630_000000000000000_COR_2013  |7 0  |8 C  |9 473135  |a BIBCUR  |b BIBCUR  |i 5256704  |o 630 COR 2013  |p 5256704  |r 2025-04-22  |w 2019-11-24  |y BK  |z Catalogado en:20151210  |k CAC